US States in 15 Seconds - Statistics

General Stats
  • This quiz has been taken 144 times
    139 since last reset
  • The average score is 8 of 50
Answer Stats
State % Correct
California
56%
Alaska
46%
Ohio
39%
Florida
37%
New York
37%
Oregon
37%
Utah
37%
Iowa
35%
Texas
35%
Alabama
31%
Hawaii
31%
Idaho
31%
Arizona
26%
Colorado
24%
Washington
22%
Arkansas
19%
Delaware
17%
Georgia
17%
Kansas
17%
Maine
17%
Montana
17%
Nevada
17%
Connecticut
15%
Indiana
13%
Wyoming
13%
Illinois
11%
Nebraska
11%
New Jersey
11%
Vermont
9%
North Dakota
7%
South Dakota
7%
Virginia
7%
New Mexico
6%
Oklahoma
6%
Pennsylvania
6%
Maryland
4%
Massachusetts
4%
Michigan
4%
Minnesota
4%
New Hampshire
4%
North Carolina
4%
West Virginia
4%
Kentucky
2%
Rhode Island
2%
South Carolina
2%
Tennessee
2%
Wisconsin
2%
Louisiana
0%
Mississippi
0%
Missouri
0%
No matching quizzes found
Score Distribution
Percent of People with Each Score
Percentile by Number Answered
Your Score History
You have not taken this quiz since the last reset